Parallel Programmimg in MPI and OpenMP / (Record no. 1924)
[ view plain ]
| 000 -LEADER | |
|---|---|
| fixed length control field | 00648nam a22002177a 4500 |
| 003 - CONTROL NUMBER IDENTIFIER | |
| control field | OSt |
| 005 - DATE AND TIME OF LATEST TRANSACTION | |
| control field | 20260506114045.0 |
| 008 - FIXED-LENGTH DATA ELEMENTS--GENERAL INFORMATION | |
| fixed length control field | 260506b |||||||| |||| 00| 0 eng d |
| 020 ## - INTERNATIONAL STANDARD BOOK NUMBER | |
| International Standard Book Number | 9781387400287 |
| 040 ## - CATALOGING SOURCE | |
| Language of cataloging | English |
| Transcribing agency | Central Library IIT Goa |
| 082 ## - DEWEY DECIMAL CLASSIFICATION NUMBER | |
| Classification number | 004.35 |
| Item number | EIJ |
| 100 ## - MAIN ENTRY--PERSONAL NAME | |
| Personal name | Eijkhout, Victor |
| Relator term | author |
| 9 (RLIN) | 3817 |
| 245 ## - TITLE STATEMENT | |
| Title | Parallel Programmimg in MPI and OpenMP / |
| Statement of responsibility, etc. | Victor Eijkhout |
| 250 ## - EDITION STATEMENT | |
| Edition statement | 1/e |
| 260 ## - PUBLICATION, DISTRIBUTION, ETC. | |
| Name of publisher, distributor, etc. | Lulu, |
| Date of publication, distribution, etc. | 2017 |
| 300 ## - PHYSICAL DESCRIPTION | |
| Extent | 349p. |
| 650 ## - SUBJECT ADDED ENTRY--TOPICAL TERM | |
| Topical term or geographic name entry element | Parallel Programming(Computer Science) |
| 9 (RLIN) | 3818 |
| 650 ## - SUBJECT ADDED ENTRY--TOPICAL TERM | |
| Topical term or geographic name entry element | Message Passing Interface (MPI) |
| 9 (RLIN) | 3819 |
| 650 ## - SUBJECT ADDED ENTRY--TOPICAL TERM | |
| Topical term or geographic name entry element | OpenMP (API for Parallel Programming) |
| 9 (RLIN) | 3820 |
| 942 ## - ADDED ENTRY ELEMENTS (KOHA) | |
| Source of classification or shelving scheme | Dewey Decimal Classification |
| Koha item type | Books |
| Withdrawn status | Lost status | Source of classification or shelving scheme | Damaged status | Not for loan | Collection code | Home library | Current library | Shelving location | Date acquired | Source of acquisition | Cost, normal purchase price | Total Checkouts | Full call number | Barcode | Date last seen | Copy number | Cost, replacement price | Price effective from | Koha item type | Public note |
|---|---|---|---|---|---|---|---|---|---|---|---|---|---|---|---|---|---|---|---|---|
| Dewey Decimal Classification | Reference | Reference | IIT Goa Central Library | IIT Goa Central Library | Reference | 2026-05-06 | Rajasthani Granthagar | 2616.00 | 004.35 EIJ | 4680 | 2026-05-06 | 1 | 2616.00 | 2026-05-06 | Reference | RG/2627/43||24-04-2026||0.00%||USD 27.74 |